Radiactividad y su medida
Guardat en:
| Autors principals: | , |
|---|---|
| Format: | Llibre |
| Idioma: | espanyol |
| Publicat: |
Ciudad de México
Reverté Mexicana
1968
|
| Col·lecció: | Van Nostrand Momentum Books, 10
|
| Matèries: | |
| Etiquetes: |
Afegir etiqueta
Sense etiquetes, Sigues el primer a etiquetar aquest registre!
|
MARC
| LEADER | 00000nam a2200000 a 4500 | ||
|---|---|---|---|
| 001 | UCZ9951 | ||
| 003 | CL-VaPUC | ||
| 008 | 960314e19680000MX |||||||||||||||||spa|d | ||
| 082 | 0 | 4 | |a 539.2 |b MAN |2 21 |
| 100 | |a Mann, W. B. |e autor |9 354979 | ||
| 700 | 0 | |a Garfinkel, S. B |e author |9 354980 | |
| 245 | 1 | 0 | |a Radiactividad y su medida |
| 300 | |a 183 p | ||
| 942 | |c BK | ||
| 945 | |d 19960314 00:00:00 |a rleighto | ||
| 260 | |a Ciudad de México |b Reverté Mexicana |c 1968 | ||
| 650 | 7 | |a RADIACTIVIDAD |2 CL-VaPUC |9 354956 | |
| 650 | 7 | |a EXPERIMENTOS |2 CL-VaPUC |9 270782 | |
| 650 | 0 | |a Radiación |9 259874 | |
| 650 | 7 | |a INSTRUMENTOS |2 CL-VaPUC |9 354981 | |
| 650 | 7 | |a NEUTRONES |2 CL-VaPUC |9 313669 | |
| 650 | 0 | |a Historia |9 255047 | |
| 583 | |a last modification |c 19960314 00:00:00 |k Rodrigo Vera | ||
| 490 | 0 | |a Van Nostrand Momentum Books, 10 | |
| 999 | |c 244987 |d 244985 | ||
| 952 | |0 0 |1 0 |4 0 |6 539_200000000000000_MAN_1968 |7 0 |8 A |9 259308 |a BIBCUR |b BIBCUR |d 2019-11-19 |i 3180158 |o 539.2 MAN 1968 |p 3180158 |r 2025-04-22 |w 2019-11-19 |y BK |k BCB | ||